Online
Catalog

The standard Japanese readers. (Record no. 987)

MARC details
000 -CABECERA
campo de control de longitud fija 00396nam a2200145u 4500
001 - NÚMERO DE CONTROL
campo de control 000001008
005 - FECHA Y HORA DE LA ÚLTIMA TRANSACCIÓN
campo de control 20200929145450.0
008 - DATOS DE LONGITUD FIJA--INFORMACIÓN GENERAL
campo de control de longitud fija 830518s1948 ja b r 000 0 eng
040 ## - FUENTE DE LA CATALOGACIÓN
Centro catalogador/agencia de origen DO-SdBNP
Lengua de catalogación spa
Centro/agencia transcriptor BNPHU
082 ## - NÚMERO DE LA CLASIFICACIÓN DECIMAL DEWEY
Número de clasificación xxxx
Número de documento/Ítem N147s
100 1# - ENTRADA PRINCIPAL--NOMBRE DE PERSONA
Nombre de persona Naganuma, Naoe. [from old catalog]
9 (RLIN) 3512
245 14 - MENCIÓN DE TÍTULO
Título The standard Japanese readers.
260 ## - PUBLICACIÓN, DISTRIBUCIÓN, ETC.
Lugar de publicación, distribución, etc. [Tokyo,
Fecha de publicación, distribución, etc. 1948?].
300 ## - DESCRIPCIÓN FÍSICA
Extensión 8 v. :
Otras características físicas map. ;
Dimensiones 36 cm.
Holdings
Estado de retiro Estado de pérdida No para préstamo Código de colección Localización permanente Ubicación/localización actual Ubicación en estantería Fecha de adquisición Número de inventario Total de préstamos Signatura topográfica completa Código de barras Fecha visto por última vez Precio válido a partir de Tipo de ítem Koha
    Préstamo en sala Dominicana de Servicio Biblioteca Nacional Pedro Henríquez Ureña Biblioteca Nacional Pedro Henríquez Ureña Depósito 22.09.2009 LF1   xxxx N147s 1008-10 25.06.2020 25.06.2020 Libros y folletos

Powered by Koha